Effectiveness of rice to the growth of oyster mushromm spawns, ឥទ្ធិពលនៃប្រភេទស្រូវទៅលើការលូតលាស់របស់មេផ្សិតអំបោះ (Record no. 6131)

000 -LEADER
fixed length control field 00595nam a22001337a 4500
040 ## - CATALOGING SOURCE
Transcribing agency RUA
082 ## - DEWEY DECIMAL CLASSIFICATION NUMBER
Classification number GRS CHU 2010 B359 Or.1
100 ## - MAIN ENTRY--AUTHOR NAME
Personal name CHUN SUVANG; ឈុន សុវ៉េង
245 ## - TITLE STATEMENT
Title Effectiveness of rice to the growth of oyster mushromm spawns, ឥទ្ធិពលនៃប្រភេទស្រូវទៅលើការលូតលាស់របស់មេផ្សិតអំបោះ
260 ## - PUBLICATION, DISTRIBUTION, ETC. (IMPRINT)
Place of publication Phnom Penh
Name of publisher RUA
Year of publication 2010
300 ## - PHYSICAL DESCRIPTION
Number of Pages ix; 31p.
Other physical details ill.
Dimensions 29cm.
856 ## - ELECTRONIC LOCATION AND ACCESS
Uniform Resource Identifier https://drive.google.com/file/d/1-iBbHEP1tl7SE3XrMeyzfTy6CI0fb1xg/view?usp=sharing
942 ## - ADDED ENTRY ELEMENTS (KOHA)
Koha item type GRS
952 ## - LOCATION AND ITEM INFORMATION (KOHA)
Withdrawn status [LOCAL, KOHA] 0
952 ## - LOCATION AND ITEM INFORMATION (KOHA)
Withdrawn status [LOCAL, KOHA] 0
952 ## - LOCATION AND ITEM INFORMATION (KOHA)
Withdrawn status [LOCAL, KOHA] 0
952 ## - LOCATION AND ITEM INFORMATION (KOHA)
Withdrawn status [LOCAL, KOHA] 0
952 ## - LOCATION AND ITEM INFORMATION (KOHA)
Withdrawn status [LOCAL, KOHA] 0
952 ## - LOCATION AND ITEM INFORMATION (KOHA)
Withdrawn status [LOCAL, KOHA] 0
952 ## - LOCATION AND ITEM INFORMATION (KOHA)
Withdrawn status [LOCAL, KOHA] 0
952 ## - LOCATION AND ITEM INFORMATION (KOHA)
Withdrawn status [LOCAL, KOHA] 0
952 ## - LOCATION AND ITEM INFORMATION (KOHA)
Withdrawn status [LOCAL, KOHA] 0
952 ## - LOCATION AND ITEM INFORMATION (KOHA)
Withdrawn status [LOCAL, KOHA] 0
Holdings
Permanent Location Date acquired Koha item type Lost status Shelving location Barcode Current Location Full call number
Library Block B2016-01-19GRS B359RUA043520Library Block BGRS CHU 2010 B359 Or.1
Library Block B2016-01-19GRS B359RUA042269Library Block BGRS CHU 2010 B359 Or.2
Library Block B2016-01-19GRS B359RUA042453Library Block BGRS CHU 2010 B359 Or.3
Library Block B2016-01-19GRS B359RUA043595Library Block BGRS CHU 2010 B359 Or.4
Library Block B2016-01-19GRS B359RUA042367Library Block BGRS CHU 2010 B359 Or.5
Library Block B2016-01-19GRS B359RUA033657Library Block BGRS CHU 2010 B359 Or.6
Library Block B2016-01-19GRS B359RUA033831Library Block BGRS CHU 2010 B359 Or.7
Library Block B2016-01-19GRS B359RUA036217Library Block BGRS CHU 2010 B359 Or.8
Library Block B2016-01-19GRS B359RUA036221Library Block BGRS CHU 2010 B359 Or.9
Library Block B2016-01-19GRS B359RUA042751Library Block BGRS CHU 2010 B359 Or.10
មជ្ឈមណ្ឌលឯការនៃសាកលវិទ្យាល័យភូមិន្ទកសិកម្មចំការដូង

Powered by Koha